000 00326nam a22001457a 4500
003 SGT
082 _a615.1
_bP22S
100 _aSHARMA, SHALINI
245 _aELEMENTS OF PHARMACEUTICS
260 _aPUNJAB
_bS.VIKASH
_c2022
300 _a314
650 _aPHARMACEUTICS
653 _aELEMENTS, PHARMACEUTICS
942 _2ddc
_cBK
999 _c26400
_d26400